| 000 | 00519nam a22001817a 4500 | ||
|---|---|---|---|
| 005 | 20250416153533.0 | ||
| 008 | 250402b |||||||| |||| 00| 0 eng d | ||
| 020 | _a9781844801725 | ||
| 050 |
_aHD30 _b.213.L83 2005 |
||
| 100 | _aTerry Lucey | ||
| 245 |
_aManagement Information Systems _cTerry Lucey |
||
| 250 | _a9th Ed. | ||
| 260 |
_aCanada _bSouth-Western _bCengage Learning _cc2005 |
||
| 300 |
_axx, 356 pages _bIndex _c25cm |
||
| 650 | _2Management | ||
| 650 | _2Information Systems | ||
| 942 |
_2lcc _cBK _e9th Ed. _n0 |
||
| 999 |
_c5341 _d5341 |
||